Detalles MARC
| 000 -LIDER |
| fixed length control field |
01164nam a22003617a 4500 |
| 001 - NÚMERO DE CONTROL |
| Identificador de número de control |
055 |
| 003 - IDENTIFICACDOR DE NÚMERO DE CONTROL |
| control field |
DO-SdBNP |
| 005 - DATE AND TIME OF LATEST TRANSACTION |
| control field |
20180220145942.0 |
| 007 - CAMPOS FIJOS DE DESCRIPCIÓN FÍSICA |
| fixed length control field |
055 |
| 008 - ELEMENTOS DE LONGITUD FIJA |
| fixed length control field |
151005b1989 sp 00| 0 spa d |
| 020 ## - ISBN |
| International Standard Book Number |
8434825732 |
| 040 ## - FUENTE DE CATALOGACIÓN |
| Agencia que crea de manera original el registro |
BPMSU |
| Idioma de catalogación |
spa |
| Agencia que realiza la transcripción |
BPMSU |
| 092 ## - LOCALLY ASSIGNED DEWEY DECIMAL CALL NUMBER |
| Número de clasificación |
XXXX |
| Número de ítem (Cutter) |
XXXX |
| 100 1# - ASIENTO PRINCIPAL -- NOMBRE PERSONAL |
| Nombre personal |
Wardle, Terry |
| 240 10 - TITULO UNIFORME |
| Título uniforme |
The hardest sum in the world |
| Fecha de una obra |
1989 |
| Idioma de una obra |
eng |
| 245 10 - MENCIÓN DE TITULO |
| Título |
La suma más difícil del mundo / |
| Mención de responsabilidad |
Terry Wardle ; ilustración Benoit Jacques ; traducción María Cristina Espejer ; dirección de la colección Marinella Terzi |
| 260 ## - PUBLICACIÓN, DISTRIBUCIÓN, ETC. (PIE DE IMPRENTA) |
| Lugar de publicación, distribución, etc |
Madrid : |
| Nombre del editor, distribuidor, etc. |
Ediciones SM, |
| Fecha de publicación, distribución, etc |
1989. |
| 300 ## - DESCRIPCIÓN FÍSICA |
| Extensión |
119 p. : |
| Otros detalles físicos |
il. ; |
| Dimensiones |
19 cm. |
| 490 1# - MENCIÓN DE SERIES |
| Mención de serie |
El barco de vapor |
| Volume/sequential designation |
161 |
| 490 1# - MENCIÓN DE SERIES |
| Mención de serie |
Naranja |
| 500 ## - NOTA GENERAL |
| Nota general |
A partir de 9 años |
| 521 1# - TARGET AUDIENCE NOTE |
| Target audience note |
A partir de los 9 años |
| 586 ## - AWARDS NOTE |
| Awards note |
Premio Nacional a la mejor labor editorial en literatura infantil y juvenil, 1982 |
| 700 12 - ASIENTO SECUNDARIO -- NOMBRE PERSONAL |
| Nombre personal |
Jacques, Benoit |
| Mención de responsabilidad |
il. |
| 700 12 - ASIENTO SECUNDARIO -- NOMBRE PERSONAL |
| Nombre personal |
Espejel, María Cristina |
| Mención de responsabilidad |
trad. |
| 700 12 - ASIENTO SECUNDARIO -- NOMBRE PERSONAL |
| Nombre personal |
Terzi, Marinella |
| Mención de responsabilidad |
dir. colección |
| 830 #0 - ASIENTO SECUNDARIO DE SERIE--TÍTULO UNIFORME |
| Título uniforme |
Barco de vapor |
| Número de la parte o sección de una obra |
161 |
| 830 #0 - ASIENTO SECUNDARIO DE SERIE--TÍTULO UNIFORME |
| Título uniforme |
Naranja |
| 910 ## - VALIDACIÓN |
| Validación |
202 |
| 942 ## - ADDED ENTRY ELEMENTS (KOHA) |
| Source of classification or shelving scheme |
Dewey Decimal Classification |
| Koha item type |
Libros |
| 945 ## - INFORMACIÓN DE PROCESAMIENTO LOCAL |
| Información de procesamiento local |
Inventariado, 2018 / BT |
| 956 ## - LOCAL ELECTRONIC LOCATION AND ACCESS (OCLC) |
| Nombre de host |
Yngrid Lockward |